Estudio de pre factibilidad de la construcción de un mercado municipal en Villa el Carmen, Managua
El proyecto está basado en la formulación a nivel de pre factibilidad de un mercado en el municipio de Villa el Carmen el cual dará solución al ordenamiento de la actividad comercial y dará respuesta a las necesidades básicas en materia de comercialización de las personas del municipio....
| Main Authors: | , |
|---|---|
| Other Authors: | |
| Format: | Tesis Section = Libro |
| Language: | Undetermined Spanish |
| Published: |
Managua
UNI
2018
|
| Subjects: |
| LEADER | 01173nam a2200265Ia 4500 | ||
|---|---|---|---|
| 008 | 240830s9999 xx 000 0 und d | ||
| 040 | |a BIBLIOTECA-RUSB/ M.Mon 658.835 F634 | ||
| 041 | |a spa | ||
| 082 | |a M.Mon 658.835 F634 | ||
| 100 | 1 | |a Flores Carcache, Luis Carlos | |
| 100 | 1 | |b Téllez Ruiz, Victor Manuel | |
| 245 | 1 | 0 | |a Estudio de pre factibilidad de la construcción de un mercado municipal en Villa el Carmen, Managua |
| 260 | |a Managua |b UNI |c 2018 | ||
| 300 | |a 173 p. :il. | ||
| 500 | |a Contiene: anexos. | ||
| 502 | |a Tesis (Master en Gerencia de Proyectos de Desarrollo.) - UNI, 2018. | ||
| 520 | 3 | |a El proyecto está basado en la formulación a nivel de pre factibilidad de un mercado en el municipio de Villa el Carmen el cual dará solución al ordenamiento de la actividad comercial y dará respuesta a las necesidades básicas en materia de comercialización de las personas del municipio. | |
| 650 | 7 | |a construcción DE MERCADO-PROYECTOS | |
| 650 | 7 | |b ESTUDIOS DE FACTIBILIDAD | |
| 650 | 7 | |c ESTUDIO DE MERCADO | |
| 650 | 7 | |d ESTUDIO FINANCIERO | |
| 700 | 1 | |a Tutor: |b García, Juan Ramón | |
| 942 | |c BK |2 ddc | ||
| 991 | |a TESIS | ||
| 999 | |c 19515 | ||